000 00478nam a2200181Ia 4500
005 20250326125002.0
008 250326s9999 xx 000 0 und d
037 _aTextbook
040 _aFMSL
_beng
_cFMSL
041 _aeng
_2eng
084 _aX:8J L7
_qFMSL
100 _aGupta K
245 0 _aContemporary auditing
_cGupta K
260 _aNew Delhi
_bNew Delhi, Tata McGraw-Hill
_c1977
300 _a586p
942 _cTB
_hX:8J L7
999 _c1276047
_d1276047